Aplicacin̤ prc̀tica del Cd̤igo Fiscal

Detalles Bibliográficos
Autor principal: Sǹchez Miranda, Arnulfo
Formato: eBook
Lenguaje:español
Publicado: Mx̌ico D.F. : Ediciones Fiscales ISEF, 2012
Materias:
Acceso en línea:http://www.vlex.com/source/10994

MARC

LEADER 00000nam a22000007a 4500
005 20130425163830.0
007 cr|||| ||||
008 130425e2012 mx |||||s|||| 00||0 spa d
020 |a 978-368-726-685-3 
035 |a 10994 
040 |a vLex 
090 |c 4168  |d 4168 
100 1 0 |a Sǹchez Miranda, Arnulfo 
245 1 0 |a Aplicacin̤ prc̀tica del Cd̤igo Fiscal  |c / Arnulfo Sǹchez Miranda   |h [Recurso electrn̤ico] 
256 |a Servicio en ln̕ea 
260 |a Mx̌ico D.F. :  |b Ediciones Fiscales ISEF,   |c 2012 
300 |a 1 Recurso electrn̤ico 
506 |d vLex Global  |d vLex Global (Academic Edition, excluding Law Schools)  |d vLex Global (U.S. Academic Edition, Law Schools)  |d vLex Global (U.S. Academic Edition, excluding Law Schools)  |d vLex Global (Academic Edition, Law Schools) 
650 4 |a Derecho tributario  |z Mx̌ico 
740 |a vLex Libros (Servicio en ln̕ea) 
856 |a Acceso restringido  |u http://www.vlex.com/source/10994 
942 |c BOOK 
999 0 |a Taxation